000 00796nam a2200253Ia 4500
003 OSt
005 20220925222930.0
006 a|||||r|||| 00| 0
007 ta
008 220923b |||||||| |||| 00| 0 eng d
037 _cGeneral Book
040 _aRTL
_cRTL
_beng
041 _2eng
_aeng
082 _aX0gY, L4
100 _aCulyer A J Ed.
245 0 _aEconomic Policies and social goals
_b Aspects of public choice
260 _aLondon
_bRobertson
_c1974
300 _avii, 349p
_ccm.
490 _aYork studies in economics Ed by Alan Peacock and Jack Wiseman, 1
500 _aBibliography at the end of each chapter; Appendix P 343-48
650 _aEconomics IRT Sociology
942 _hX0gY, L4
_cGB
_2CC
999 _c578195
_d578195